000 00926nam a2200445Ia 4500
001 12308
003 24037
005 20241217115016.0
008 ||||||n9999 ||| || ||
041 _aeng
082 _219
_a986139
100 _aDuque Gomez, Luis
_920576
245 0 _aSan Agustin
260 _aFrancia :
_bEditions Delroisse,
_c1982.
300 _a142p
562 _e1
650 0 _aArqueología
_91941
650 _aSAN AGUSTIN, HUILA (COLOMBIA)
_919820
942 _cBKM
999 _c12308
_d12308
526 _a
526 _a17598
526 _a102617
526 _a102618
526 _a15794
526 _a102619
526 _a1703
526 _a102620
526 _a10406
526 _a105630
526 _a1698
526 _a116204
526 _a51868
526 _a4969
526 _a19790
526 _a104436
526 _a5144
526 _a1697
526 _a3899
526 _a9683